000 00540nam a2200145Ia 4500
008 100204s9999 xx 000 0 und d
082 _b6078
100 _aदेवळे शं. रा.
245 _aदिल्लीचे मोगल बादशाह
260 _b"चित्रशाला प्रकाशन , पुणे"
_c1954
300 _a42
630 _aदिल्लीचे मोगल बादशाह
730 _aदिल्लीचे मोगल बादशाह
942 _cBOOK
999 _c450573
_d450570